Viníferas jerezanas y de Andalucía Occidental / (Record no. 73456)

MARC details
000 -LEADER
campo de control de longitud fija 00905nam a2200229 i 4500
001 - NÚMERO DE CONTROL
campo de control 73456
003 - IDENTIFICADOR DE NÚMERO DE CONTROL
campo de control ES-MaACL
005 - FECHA Y HORA DE LA ÚLTIMA TRANSACCIÓN
campo de control 20260210163244.0
007 - CAMPO FIJO DE DESCRIPCIÓN FÍSICA--INFORMACIÓN GENERAL
campo de control de longitud fija t|
008 - DATOS DE LONGITUD FIJA--INFORMACIÓN GENERAL
campo de control de longitud fija 041014s1956 sp ||||1| spa d
080 ## - NÚMERO DE LA CLASIFICACIÓN DECIMAL UNIVERSAL
Número de la Clasificación Decimal Universal 638.83(468.18 Jerez)
100 1# - ENTRADA PRINCIPAL--NOMBRE DE PERSONA
Nombre de persona Fernández de Bobadilla, Gonzalo.
9 (RLIN) 49630
245 10 - MENCIÓN DEL TÍTULO
Título Viníferas jerezanas y de Andalucía Occidental /
Mención de responsabilidad, etc. por G. Fernández de Bobadilla.
260 ## - PUBLICACIÓN, DISTRIBUCIÓN, ETC.
Lugar de publicación, distribución, etc. Madrid :
Nombre del editor, distribuidor, etc. Instituto Nacional de Investigaciones Agronómicas,
Fecha de publicación, distribución, etc. 1956.
300 ## - DESCRIPCIÓN FÍSICA
Extensión 271 p :
Otras características físicas il. ;
Dimensiones 25 cm.
500 ## - NOTA GENERAL
Nota general Precede al tit.: Ministerio de Agricultura. Dirección General de Agricultura.
650 14 - PUNTO DE ACCESO ADICIONAL DE MATERIA--TÉRMINO DE MATERIA
Término de materia o nombre geográfico como elemento de entrada Viticultura-
Subdivisión geográfica Jerez de la Frontera
9 (RLIN) 17837
710 ## - ENTRADA AGREGADA--NOMBRE DE ENTIDAD CORPORATIVA
Nombre de entidad corporativa o nombre de jurisdicción como elemento de entrada Instituto Nacional de Investigaciones Agronómicas
Sede del congreso/Lugar de la reunión (España)
9 (RLIN) 219222
710 1# - ENTRADA AGREGADA--NOMBRE DE ENTIDAD CORPORATIVA
Nombre de entidad corporativa o nombre de jurisdicción como elemento de entrada España.
Unidad subordinada Dirección General de Agricultura
9 (RLIN) 3699
852 ## - LOCALIZACIÓN
Ubicación ES-MaACL
Número de control de estantería C-11249
Sublocalización o colección R.39185
Holdings
Estatus retirado Estado de pérdida Estado de daño No para préstamo Biblioteca de origen Biblioteca actual Ubicación en estantería Fecha de adquisición Fuente de adquisición Total de préstamos Signatura topográfica completa Código de barras Visto por última vez Precio de reemplazo Tipo de ítem Koha
        Biblioteca del Ateneo de Madrid Biblioteca del Ateneo de Madrid Sala Palomar 17/01/2008     C-11249 1076887 23/02/2023 23/02/2023 Libro impreso